000 00515nam a22001937a 4500
005 20240118122825.0
010 _aENG-138933
020 _c179.00
035 _aEN-122465
037 _bDBAD/PUB
082 _a000
100 _aHaryal, Dolly
_961054
245 _a CUET /
260 _aNew Delhi
_bEducational Publishers
_c2022
270 _a4583/15,Daryaganj, New Delhi-110002
300 _a168 p.
_c29 cm(pbk)
710 _aRoma Chatterjee
_eEditor
_959600
942 _2ddc
_cEN
_h000
_mCUE
999 _c200215
_d200215